000 02823nam a22003857a 4500
003 OSt
005 20260416144017.0
008 260414t2021 xxu||||| |||| 00| 0 eng d
020 _a9789811513466
020 _a9789811513459
040 _aUnicoc
_bspa
_c00001
_d00001
082 _a617.52
100 _912935
_aBonanthaya, Krishnamurthy
245 _aOral and maxillofacial surgery for the clinician
_c/ Krishnamurthy Bonanthaya
260 _aIndia :
_bSpringer ,
_c2021
300 _a1965 páginas
_bIlustraciones, diagramas, tablas, gráficas
500 _aIncluye referencias bibliográficas
505 _tPart I. Introducción: oral and maxillofacial surgery in india: how did we get here and where are we going. --
_tPart II. Preoperative assessment and patient preparation/optimization. --
_tPart III. Anesthesia for oral and maxillofacial surgery. --
_tPart IV. imaging in oral and maxillofacial surgery. --
_tPart V. Principles of maxillofacial surgery. --
_tPart VI. Dentoalveolar and oral surgery. --
_tPart VII. Dental implantology. --
_tPart VIII. Odontogenic infections. --
_tPart IX. Maxillary sinus and the oral surgeon. --
_tPart X. Nerve injuries and neuralgias of oral and maxillofacial region. --
_tPart XI. Benign pathologies of the oral and maxillofacial region. --
_tPart XII. Aesthetic procedures in oral and maxillofacial region. --
_tPart XIII. Advances in oral and maxillofacial surgery. --
_tPart XIII. Advances in oral and maxillofacial surgery. --
_tPart XIV. Practice management in oral and maxillofacial surgery. --
_tPart XV. Salivary gland pathologies. --
_tPart XVI. Maxillofacial traumatology. --
_tPart XVII. Temporomandibular joint disorders. --
_tPart XVIII. Orthognathic surgery. --
_tPart XIX. Developmental deformities of the oral and maxillofacial region. --
_tPart XX. Craniofacial anomalies. --
_tPart XXI. Malignant pathologies of the oral and maxillofacial region. --
_tPart XXII. Reconstructive procedures of the oral and maxillofacial region.
526 _5Unicoc
546 _aInglés
650 0 _985
_aCirugía oral
650 0 _94197
_aCirugía maxilofacial
650 0 _987
_aProcedimientos quirúrgicos orales.
650 0 _9950
_aBoca
_xCirugía
658 0 _98315
_aPrograma de Odontología
658 0 _911722
_aEspecialización en Ortodoncia y Ortopedia Maxilar
658 0 _98071
_aEspecialización en Endodoncia
658 0 _98074
_aEspecialización en Rehabilitación Oral
700 _912936
_aPanneerselvam, Elavenil
700 _912937
_aManuel, Suvy
700 _91145
_aKumar, Vinay
700 _912938
_a Rai, Anshul
856 _yAcceso online exclusivo para comunidad Unicoc.
_uhttps://unicoceduco-my.sharepoint.com/:b:/g/personal/direccionbiblioteca_unicoc_edu_co/IQD-jh-TNVxNQJ5DtBEjFl0kAZNA0_y80pa0TnvOvtkXzYc
942 _2ddc
_cEBOOK
999 _c10844
_d10844